000 00745nam a22002177a 4500
999 _c7634
_d7634
003 OSt
005 20220120113320.0
008 220120b ||||| |||| 00| 0 eng d
020 _a1567503810
040 _cDDC
082 _a370 ALT 1998
100 _aAltbach, Philip G
_915615
245 _aComparative Higher Education :
_bKnowledge, the university, and Development
260 _aGreenwich:
_bAblex Publishing;
_c©1998
300 _axxvii, 248 pages ;
_c24 cm
504 _aIncludes bibliographical references and index.
650 _aEducation, Higher -- Cross-cultural studies.
_915616
650 _aEducation, Higher -- Social aspects -- Cross-cultural studies.
_915617
650 _aComparative education
_95748
942 _2ddc
_cBOOK